| 000 | 00998nam a22003377a 4500 | ||
|---|---|---|---|
| 001 | BR8002511 | ||
| 003 | BR-BrBNA | ||
| 005 | 20230928090602.0 | ||
| 007 | ta | ||
| 008 | 230509b bl.||||| |||| 00| 0 por d | ||
| 040 |
_aBR-BrBNA _bpor _cBiblioteca Nacional de Agricultura |
||
| 041 | _a(Por) | ||
| 072 |
_aF60; U10 _b1410 |
||
| 090 | _ 1410 BR8002511 | ||
| 100 | 1 | _aBach, D.B. | |
| 110 | 1 |
_aUniversidade Federal de Vicosa, MG (Brasil) _0Tese (Magister Scientiae) |
|
| 245 | 1 | _aCurvas de equilibrio higroscopico de feijao-preto (Phaseolus vulgaris L.)[Secagem; Teor de umidade] | |
| 260 | 3 |
_aVicosa, MG (Brasil): _c1979. |
|
| 300 | _a39 p. | ||
| 500 | _a9 illus.; 5 tables; 38 ref.; Summary (Por) | ||
| 650 | _aFisiologia vegetal | ||
| 650 | _aMatematica | ||
| 650 | _aCacau | ||
| 650 | _aTeor de umidade | ||
| 650 | _aTemperatura | ||
| 650 | _aSecagem | ||
| 650 | _aArmazenagem | ||
| 650 | _aEquilibrio higroscopico | ||
| 909 |
_a202309 _bLucia _c55 _dLucia Elande |
||
| 942 | _cBK | ||
| 999 |
_c29489 _d29489 |
||